000 00822nam a2200229 a 4500
008 110919s1996 ||||||||||||||||| || u
020 _a0471597910
050 _aQR 181 Ben
100 _aBenjamini, Eli
245 1 0 _aImmunology: a short course. (3rd ed.)
_cby Eli Benjamini, Geoffrey Sunshine and Sidney Leskowitz
250 _a3rd ed.
260 _aNew York:
_bWiley-Liss
_c1996
300 _axxx, 484p.: ill.
350 _a0.00
650 _aUROLOGIC DISEASES
650 3 _aIMMUNITY
650 _aALLERGY AND IMMUNOLOGY
650 0 _aIMMUNOLOGY
700 _aSunshine, Geoffrey
700 _aLeskowitz, Sidney
995 _aMICHAEL CHILUFYA SATA OPEN ACCESS
_D0.00
_e901162
_FCBU-SCHOOL OF MEDICINE LIBRARY (Ndola)
_H1
_I0.00
_jQR 181 Ben
_M1
_UAVAILABLE
_WOct 14, 2011
_y901162
_ZMedical Library Open Access Collection
999 _c31771
_d31771